Take control of your life : rescue yourself and live the life you deserve (Record no. 591304)

000 -LEADER
fixed length control field 00501nam a22001817a 4500
003 - CONTROL NUMBER IDENTIFIER
control field NUST
005 - DATE AND TIME OF LATEST TRANSACTION
control field 20220824105217.0
008 - FIXED-LENGTH DATA ELEMENTS--GENERAL INFORMATION
fixed length control field 220824b ||||| |||| 00| 0 eng d
020 ## - INTERNATIONAL STANDARD BOOK NUMBER
International Standard Book Number 9781443461351
038 ## - RECORD CONTENT LICENSOR
Staff Name Azhar
082 ## - DEWEY DECIMAL CLASSIFICATION NUMBER
Classification number 158.1
Author Mark NAD
100 ## - MAIN ENTRY--PERSONAL NAME
Personal name Nadeau, J. Paul
9 (RLIN) 98450
245 ## - TITLE STATEMENT
Title Take control of your life : rescue yourself and live the life you deserve
Statement of responsibility, etc. J. Paul Nadeau
260 ## - PUBLICATION, DISTRIBUTION, ETC.
Place of publication, distribution, etc. Canada
Name of publisher, distributor, etc. HarperCollins Publishers
Date of publication, distribution, etc. 2018
300 ## - PHYSICAL DESCRIPTION
Extent 209p
563 ## - BINDING INFORMATION
Binding note PB
942 ## - ADDED ENTRY ELEMENTS (KOHA)
Source of classification or shelving scheme
Koha item type Lincoln Corner
Holdings
Withdrawn status Lost status Source of classification or shelving scheme Damaged status Not for loan Permanent Location Current Location Shelving location Date acquired Full call number Barcode Date last seen Price effective from Koha item type
          Central Library (CL) Central Library (CL) Lincoln Corner 08/24/2022 158.1 NAD LC-395 08/24/2022 08/24/2022 Reference
© 2023 Central Library, National University of Sciences and Technology. All Rights Reserved.